000 00369nam a2200133Ia 4500
008 240624s9999 xx 000 0 und d
041 _aeng
082 _a027.7 MAT
100 _aMATTHEWS GRAHAM
245 _aUNIVERSITY LIBRARIES AND SPACE IN THE DI
260 _c2016
_aEngland
_bAshgate Publishing Limited
300 _axviii, : 228 : p. : cm. ; 24
365 _cRS
_b30
999 _c26919
_d26919